Comportamiento humano en el trabajo

Gespeichert in:
Bibliographische Detailangaben
1. Verfasser: Davis, Keith (VerfasserIn)
Weitere Verfasser: Newstrom, John W. (autor)
Format: Buch
Sprache:Spanisch
Veröffentlicht: Ciudad de México McGraw-Hill 1999
Ausgabe:4a. ed
Schlagworte:
Tags: Tag hinzufügen
Keine Tags, Fügen Sie den ersten Tag hinzu!

MARC

LEADER 00000cam a2200000 a 4500
001 UCO6485
003 CL-VaPUC
008 001020e19990000MX |||||||||||||||||spa|d
020 |a 9701025385 
082 0 4 |a 658.3  |b DAV  |2 21 
100 0 |a Davis, Keith  |e author  |9 451117 
700 |a Newstrom, John W.  |e autor  |9 311857 
245 1 0 |a Comportamiento humano en el trabajo 
250 |a 4a. ed 
300 |a 647 p 
942 |c BK 
945 |d 20001020 00:00:00  |a cmena 
260 |a Ciudad de México  |b McGraw-Hill  |c 1999 
650 7 |a CONDUCTA ORGANIZACIONAL  |2 CL-VaPUC  |9 263671 
650 0 |a Psicología industrial  |9 271739 
650 0 |a Ambiente organizacional   |9 451119 
650 0 |a Liderazgo  |9 271835 
650 7 |a TRABAJO EN EQUIPO  |2 CL-VaPUC  |9 393025 
583 |a last modification  |c 20170811 04:28:56  |k Rodrigo Vera 
999 |c 291978  |d 291976 
952 |0 0  |1 0  |4 0  |6 658_300000000000000_DAV_1999  |7 0  |8 A  |9 342358  |a BIBING  |b BIBING  |d 2019-11-20  |i 3658945  |o 658.3 DAV 1999  |p 3658945  |r 2025-01-20  |w 2019-11-20  |y BK  |k EII 
952 |0 0  |1 0  |4 0  |6 658_300000000000000_DAV_1999  |7 0  |8 CCM  |9 342359  |a BIBCUR  |b BIBCUR  |d 2019-11-20  |i 3663019  |o 658.3 DAV 1999  |p 3663019  |r 2025-04-22  |w 2019-11-20  |y BK  |k CIM 
952 |0 0  |1 0  |4 0  |6 658_300000000000000_DAV_1999  |7 0  |8 A  |9 342360  |a BIBENE  |b BIBENE  |d 2019-11-20  |i 3708772  |o 658.3 DAV 1999  |p 3708772  |r 2025-01-15  |w 2019-11-20  |y BK  |k ICO 
952 |0 0  |1 0  |4 0  |6 658_300000000000000_DAV_1999  |7 0  |8 A  |9 342361  |a BIBENE  |b BIBENE  |d 2019-11-20  |i 3724123  |o 658.3 DAV 1999  |p 3724123  |r 2025-01-15  |w 2019-11-20  |y BK  |k ICO 
952 |0 0  |1 0  |4 0  |6 658_300000000000000_DAV_1999  |7 0  |8 A  |9 342362  |a BIBING  |b BIBING  |d 2019-11-20  |i 4514858  |o 658.3 DAV 1999  |p 4514858  |r 2025-01-20  |w 2019-11-20  |y BK  |k EII 
952 |0 0  |1 0  |3 erb  |4 0  |6 658_300000000000000_DAV_1999  |7 0  |8 A  |9 342363  |a BIBEDU  |b BIBEDU  |i 5414717  |o 658.3 DAV 1999  |p 5414717  |r 2019-11-20  |w 2019-11-20  |y BK  |z Catalogado en:20170818  |k PSI